<?xml version="1.0" encoding="UTF-8"?>
<marc:record xmlns:marc="http://www.loc.gov/MARC21/slim">
   <marc:leader>00000nam a2200000 a 4500</marc:leader>
   <marc:datafield ind1="1" ind2=" " tag="100">
      <marc:subfield code="a">Meyer, Stephenie</marc:subfield>
      <marc:subfield code="4">aut</marc:subfield>
      <marc:subfield code="e">Verfasser/-in</marc:subfield>
   </marc:datafield>
   <marc:datafield ind1="0" ind2="0" tag="245">
      <marc:subfield code="a">Die Twilight-Saga</marc:subfield>
   </marc:datafield>
   <marc:datafield ind1="0" ind2="0" tag="245">
      <marc:subfield code="c">Stephenie Meyer. Aus dem Engl. von Sylke Hachmeister</marc:subfield>
   </marc:datafield>
   <marc:datafield ind1=" " ind2="1" tag="264">
      <marc:subfield code="a">Hamburg</marc:subfield>
      <marc:subfield code="b">Carlsen</marc:subfield>
      <marc:subfield code="c">2009</marc:subfield>
   </marc:datafield>
   <marc:datafield ind1="1" ind2=" " tag="490">
      <marc:subfield code="a">Carlsen</marc:subfield>
      <marc:subfield code="v">961</marc:subfield>
   </marc:datafield>
   <marc:datafield ind1="1" ind2=" " tag="520">
      <marc:subfield code="a">Angaben aus der Verlagsmeldung

Bella und Edward, Band 2: Bis(s) zur Mittagsstunde : Filmausgabe / von Stephenie Meyer

Für immer mit Edward zusammen zu sein - Bellas Traum scheint wahr geworden!
Kurz nach ihrem 18. Geburtstag findet er jedoch ein jähes Ende, als ein kleiner, aber blutiger Zwischenfall ihr fast zum Verhängnis wird. Edward hat keine andere Wahl: Er muss sie verlassen. Für immer. Bella zerbricht beinahe daran, einzig die Freundschaft zu Jacob gibt ihr die Kraft weiterzuleben.
Da erfährt Bella, dass Edward in höchster Gefahr schwebt. Und sein Schicksal liegt in ihren Händen. Sie muss zu ihm, rechtzeitig, bis zur Mittagsstunde ...

Bis(s) zur Mittagsstunde - Die Filmausgabe mit Wendeplakat zum Ausklappen und Abtrennen!
</marc:subfield>
   </marc:datafield>
   <marc:datafield ind1=" " ind2=" " tag="020">
      <marc:subfield code="a">9783551359612</marc:subfield>
      <marc:subfield code="9">9783551359612</marc:subfield>
   </marc:datafield>
   <marc:datafield ind1=" " ind2=" " tag="041">
      <marc:subfield code="a">ger</marc:subfield>
   </marc:datafield>
   <marc:datafield ind1=" " ind2=" " tag="300">
      <marc:subfield code="a">557 S.</marc:subfield>
   </marc:datafield>
</marc:record>
